Drapeaux Expert - Entités isolées à l'international - Statistiques

Statistiques générales
  • Ce quiz a été pris 17 fois
  • Le résultat moyen est 29 sur 54
Statistiques - réponses
Par images Hint Réponse % Correct
Gibraltar
100%
Groenland
100%
Nouvelle-Calédonie
100%
Îles Féroé
92%
Porto Rico
92%
Îles Vierges des États-Unis
85%
Bermudes
77%
Curaçao
77%
Guadeloupe
77%
Îles Vierges Britanniques
77%
Polynésie Française
77%
Réunion
77%
Guam
69%
Île Norfolk
69%
Îles Cocos
69%
Îles Cook
69%
Îles Turques-et-Caïques
69%
Niue
69%
Samoa Américaines
69%
Anguilla
62%
Aruba
62%
Bonaire
62%
Guyane Française
62%
Îles Christmas
62%
Saint-Martin (Pays-Bas)
62%
Îles Malouines
54%
Îles Pitcairn
54%
Martinique
54%
Armoiries Mayotte
54%
Montserrat
54%
Saint-Pierre et Miquelon
54%
Tokelau
54%
Madère
46%
Saint-Eustache
46%
Wallis et Futuna
46%
Îles Caïmans
38%
Saba
38%
Blason Svalbard
38%
Terres Australes et Antarctiques Françaises
38%
Territoire Britannique de l'Océan Indien
38%
Tristan da Cunha
38%
Açores
31%
Géorgie du Sud-et-les îles Sandwich du Sud
31%
Îles Canaries
31%
Sainte-Hélène
31%
Ascension
23%
Saint-Martin (France)
23%
Non officiel Akrotiri et Dhekelia
15%
Non officiel Clipperton
15%
Armoiries Saint-Barthélemy
15%
Ceuta
8%
Blason Jan Mayen
8%
Melilla
8%
Territoire britannique de l'Antarctique
8%
Aucun quiz correspondant
Distribution des résultats
% des personnes avec chaque résultat
Percentile par nombre de réponses
Votre historique - résultats
Vous n’avez pas pris ce quiz